00989cam a22002651 4500001001300000003000400013005001700017008004100034010001700075035001900092040005500111043001200166050002500178082002800203100003800231245005800269260004800327300002200375410004400397500012200441650003800563650003200601700007300633999001700706l 50000059 DLC20260227111541.0790803s1949 dcu f000 0 eng c al 50000059  a(OCoLC)5236263 aU. S. Dept. of Labor. LibrarycWUdWUdOCoLCdDLC an-us---00aHD6093b.A35 no. 23200a331.4 sa331.4/09732211 aBeyer, Sylva S.q(Sylva Sternoff)10aWomen's jobs, advance and growthc[by Sylva S. Beyer. aWashington,bU.S. Govt. Print. Off.,c1949] aiv, 88 p.c24 cm.10aU.S. Women's Bureau.tBulletinvno. 232 aPopularized version of ed. issued in 1947 under title: Women's occupations through seven decades, by Janet M. Hooks. 0aWomenxEmploymentzUnited States. 0aOccupationszUnited States.1 aHooks, Janet Montgomery.tWomen's occupations through seven decades. c36687d36687